| 000 | 01432nam a22002177a 4500 | ||
|---|---|---|---|
| 001 | 5683 | ||
| 003 | FISKH | ||
| 005 | 20250113122740.0 | ||
| 008 | 250113b cb ||||| |||| 00| 0 eng d | ||
| 020 | _a9780521185158 | ||
| 040 |
_aFISKH _beng _cFISKH _dFISKH |
||
| 082 | _a428.0076 | ||
| 100 | _aBrook-Hart, Guy | ||
| 245 |
_aComplete IELTS: _bBands 4-5 Teacher's Book / _cby Guy Brook-Hart and Vanessa Jackenman with David Jay |
||
| 250 | _aFirst published 2011, 2012 | ||
| 260 |
_aCambridge : _bCambridge University Press ; _c2012. |
||
| 300 |
_a128 pages : _billustrations ; _c29 cm . |
||
| 520 | _aComplete IELTS combines the very best in contemporary classroom practice with stimulating topics aimed at young adults wanting to study at university. Complete IELTS Bands 4-5 prepares students for the IELTS test at B1 (foundation level). It is designed to introduce students to the critical thinking required for IELTS and provide strategies and skills to maximise their score. The information, practice and advice contained in the course ensure that they are fully prepared for all parts of the test. The Teacher's Book contains detailed teacher's notes with advice on classroom procedure as well as extra teaching ideas and answer keys. There are also extra photocopiable materials including class activities, progress tests and vocabulary extension wordlists. | ||
| 700 |
_aJackenman, Vanessa _eauthor |
||
| 942 |
_2ddc _cBK _n0 |
||
| 999 |
_c5683 _d5683 |
||